| 000 | 00378nam a2200145Ia 4500 | ||
|---|---|---|---|
| 008 | 231129s2004||||xx |||||||||||||| ||spa|| | ||
| 020 | _a958-04-5632-1 | ||
| 040 | _bspa | ||
| 082 | _a(i) 808.068543 W734n | ||
| 100 | _aWillis Jeanne | ||
| 245 | 0 | _aEl niƱo que perdio el ombligo | |
| 260 | _c2004 | ||
| 264 | _aNorma | ||
| 942 |
_2ddc _cBKS |
||
| 999 |
_c11867 _d11867 |
||